000 00832nam a2200241Ia 4500
003 OSt
005 20220926021253.0
006 a|||||r|||| 00| 0
007 ta
008 220923b |||||||| |||| 00| 0 eng d
037 _cGeneral Book
040 _aRTL
_cRTL
_beng
041 _2eng
_aeng
082 _aX9(M7):(G:55).49m,P, P9/UN
110 _aUNITED NATIONS, ECONOMIC AND SOCIAL COMMISSION FOR WESTERN ASIA
245 0 _aAssessment of trade policy trendes and implicatins for the economic performance of the ESCWA region.
260 _aNew York
_bUN
_c2009
300 _axi,47p.
_ccm.
500 _aBibliography :P.44-47
700 _aUNITED NATIONS, ECONOMIC AND SOCIAL COMMISSION FOR WESTERN ASIA
_9236312
942 _hX9(M7):(G:55).49m,P, P9/UN
_cGB
_2CC
999 _c636333
_d636333